<?xml version="1.0" encoding="UTF-8"?>
<collection xmlns:xsi="http://www.w3.org/2001/XMLSchema-instance" xsi:schemaLocation="http://www.loc.gov/MARC21/slim http://www.loc.gov/standards/marcxml/schema/MARC21slim.xsd" xmlns="http://www.loc.gov/MARC21/slim">
 <record>
  <leader>00000cam a22000003i 4500</leader>
  <controlfield tag="001">UP-1685594773862036019</controlfield>
  <controlfield tag="003">Buklod</controlfield>
  <controlfield tag="005">20160822095637.0</controlfield>
  <controlfield tag="006">g||| |     ||   ||</controlfield>
  <controlfield tag="007">ta</controlfield>
  <controlfield tag="008">160822s2014    iau     ab   |001 0|eng d</controlfield>
  <datafield tag="020" ind1=" " ind2=" ">
   <subfield code="a">9781118308202 (cloth)</subfield>
  </datafield>
  <datafield tag="035" ind1=" " ind2=" ">
   <subfield code="a">(iLib)UPBAG-00021625909</subfield>
  </datafield>
  <datafield tag="037" ind1=" " ind2=" ">
   <subfield code="a">BC-66606</subfield>
   <subfield code="b">Belview</subfield>
   <subfield code="c">Php12,577.50</subfield>
   <subfield code="n">Prof. Teodora Balangcod</subfield>
  </datafield>
  <datafield tag="040" ind1=" " ind2=" ">
   <subfield code="a">DLC</subfield>
   <subfield code="d">BAG</subfield>
   <subfield code="e">rda</subfield>
  </datafield>
  <datafield tag="041" ind1="0" ind2=" ">
   <subfield code="a">eng</subfield>
  </datafield>
  <datafield tag="090" ind1=" " ind2="0">
   <subfield code="a">QK 755</subfield>
   <subfield code="b">T45 2014</subfield>
  </datafield>
  <datafield tag="245" ind1="0" ind2="0">
   <subfield code="a">Temperature and plant development</subfield>
   <subfield code="c">edited by Keara A. Franklin [and one other].</subfield>
  </datafield>
  <datafield tag="264" ind1=" " ind2="1">
   <subfield code="a">Ames, Iowa</subfield>
   <subfield code="b">Wiley Blackwell</subfield>
   <subfield code="c">2014.</subfield>
  </datafield>
  <datafield tag="300" ind1=" " ind2=" ">
   <subfield code="a">xiv, 226 pages</subfield>
   <subfield code="b">illustrations (some color)</subfield>
   <subfield code="c">25 cm</subfield>
  </datafield>
  <datafield tag="504" ind1=" " ind2=" ">
   <subfield code="a">Includes bibliographical references and index.</subfield>
  </datafield>
  <datafield tag="505" ind1="0" ind2=" ">
   <subfield code="a">Chapter 1. Temperature sensing in plants / Steven Penfield and Dana MacGregor -- Chapter 2. Plant acclimation and adaptation to cold environments / Bob Baxter -- Chapter 3. Plant acclimation and adaptation to warm environments / Martijn van Zanten, Ralph Bours, Thijs L. Pons and Marcel C.G. Proveniers -- Chapter 4. Vernalization / Dong-Hwan Kim and Sibum Sung -- Chapter 5. Temperature and light signal integration  / Harriet G. McWatters, Gabriela Toledo-Ortiz and Karen J. Halliday -- Chapter 6. Temperature and the circadian clock / Kathleen Greenham and C. Robertson McClung -- Chapter 7. Temperature and plant immunity / Jian Hua -- Chapter 8. Temperature, climate change, and global food security / Robert J. Redden, Jerry L. Hatfield, P.V. Vara Prasad, Andreas W. Ebert, Shyam S. Yadav and Garry J. O'Leary.</subfield>
  </datafield>
  <datafield tag="650" ind1=" " ind2="0">
   <subfield code="a">Plants</subfield>
   <subfield code="x">Effect of temperature on.</subfield>
  </datafield>
  <datafield tag="650" ind1=" " ind2="0">
   <subfield code="a">Plants</subfield>
   <subfield code="x">Development.</subfield>
  </datafield>
  <datafield tag="700" ind1="1" ind2=" ">
   <subfield code="a">Franklin, Keara A.</subfield>
   <subfield code="e">editor.</subfield>
  </datafield>
  <datafield tag="710" ind1="2" ind2=" ">
   <subfield code="a">Ohio Library and Information Network.</subfield>
  </datafield>
  <datafield tag="905" ind1=" " ind2=" ">
   <subfield code="a">FO</subfield>
  </datafield>
  <datafield tag="852" ind1="0" ind2=" ">
   <subfield code="a">UPBAG</subfield>
   <subfield code="b">UPBAG-MAIN</subfield>
   <subfield code="h">QK 755 T45 2014</subfield>
  </datafield>
  <datafield tag="942" ind1=" " ind2=" ">
   <subfield code="a">Book</subfield>
  </datafield>
 </record>
</collection>
